Análisis económico de los impuestos y del sector público (Registro nro. 1014)

Detalles MARC
000 -LEADER
fixed length control field 02273 a2200229 4500
001 - CONTROL NUMBER
control field 22455
005 - DATE AND TIME OF LATEST TRANSACTION
control field 20260407155515.0
008 - FIXED-LENGTH DATA ELEMENTS--GENERAL INFORMATION
fixed length control field 260407a1977 arg spa d
003 - CONTROL NUMBER IDENTIFIER
control field AR-UNSa-BCEJYS
040 ## - CATALOGING SOURCE
Original cataloging agency AR-UNSa-BCEJYS
Language of cataloging spa
Transcribing agency AR-UNSa-BCEJYS
080 ## - UNIVERSAL DECIMAL CLASSIFICATION NUMBER
Universal Decimal Classification number 336.1
Common auxiliary subdivision Finanzas Públicas. Finanzas del gobierno en general<br/> <br/>
100 1# - MAIN ENTRY--PERSONAL NAME
Personal name Due, John F.
245 10 - TITLE STATEMENT
Title Análisis económico de los impuestos y del sector público
250 ## - EDITION STATEMENT
Edition statement 4a. ed
264 #1 - PRODUCTION, PUBLICATION, DISTRIBUTION, MANUFACTURE, AND COPYRIGHT NOTICE
Place of production, publication, distribution, manufacture Buenos Aires :
Name of producer, publisher, distributor, manufacturer El Ateneo
Date of production, publication, distribution, manufacture, or copyright notice 1977
300 ## - PHYSICAL DESCRIPTION
Extent xvi, 629 p.
Dimensions 23 cm.
505 ## - FORMATTED CONTENTS NOTE
Formatted contents note Parte I: Asignación y distribución: Actividades y gastos: 1. Introducción - 2. El análisis de la economía privada - 3. Bienes públicos - 4. Externalidades y el papel del gobierno - 5. Monopolios naturales, cargos que recaen en el usuario y competencia imperfecta - 6. El problema de la distribución del ingreso - 7.Sistemas presupuestarios y análisis costo- beneficio - 8. Esquemas de gastos públicos y estructuras tributarias - Parte II: Asignación y distribución -Imposición: 9. Decisión sobre la estructura de los recursos - 10. La estructura del impuesto a la renta:El concepto de la renta - 11. La estructura del impuesto a la renta II: ajustes y deducciones a la renta imponible - 12. Efectos económicos del impuesto a la renta - 13. Impuesto a la renta de sociedades de capital - 14. La imposición en función de los consumos - 15. Impuestos sobre consumos específicos e impuesto a las ventas - 16. El impuesto al valor agregado - 17. Impuestos sucesorios, sobre salarios y actividades comerciales - 18. Los impuestos al patrimonio - Parte III: Federalismo Fiscal:19. Federalismo Fiscal - Parte IV: El impacto general de la estructura fiscal sobre la economía : 20. La teoría de la determinación del ingreso - 21. La teoría de estabilización del ingreso - 22. Estabilización y pronóstico económicos - 23. Estabilización económica en el periodo de posguerra - 24. Crecimiento y política fiscal - Parte V: Desarrollo económico: 25. Las finanzas públicas en la economías en desarrollo.
590 ## - LOCAL NOTE (RLIN)
Local note niveau_biblio:m niveau_hierar:0
700 1# - ADDED ENTRY--PERSONAL NAME
Personal name Friedlander, Ann F.
856 41 - ELECTRONIC LOCATION AND ACCESS
Uniform Resource Identifier <a href="https://biblioeco.unsa.edu.ar/pmb/images/libros/L128613.jpg">https://biblioeco.unsa.edu.ar/pmb/images/libros/L128613.jpg</a>
Link text Imagen de portada
Electronic format type image/jpeg
942 ## - ADDED ENTRY ELEMENTS (KOHA)
Koha item type
Existencias
Withdrawn status Lost status Damaged status Not for loan Home library Current library Shelving location Date acquired Total checkouts Full call number Barcode Date last seen Price effective from Koha item type
        Biblioteca Prof. Eusebio Cleto del Rey Biblioteca Prof. Eusebio Cleto del Rey   07/04/2026   336.1 D852 4ed. L28681 07/04/2026 07/04/2026 Libro
        Biblioteca Prof. Eusebio Cleto del Rey Biblioteca Prof. Eusebio Cleto del Rey   07/04/2026   336.1 D852 4ed. L33120 07/04/2026 07/04/2026 Libro
        Biblioteca Prof. Eusebio Cleto del Rey Biblioteca Prof. Eusebio Cleto del Rey   07/04/2026   336.1 D852 4ed. L33119 07/04/2026 07/04/2026 Libro
        Biblioteca Prof. Eusebio Cleto del Rey Biblioteca Prof. Eusebio Cleto del Rey   07/04/2026   336.1 D852 4ed. L28682 07/04/2026 07/04/2026 Libro
        Biblioteca Prof. Eusebio Cleto del Rey Biblioteca Prof. Eusebio Cleto del Rey   07/04/2026   336.1 D852 4ed. L128613 07/04/2026 07/04/2026 Libro